Les dieux de l'ancienne Rome (Record no. 162536)

MARC details
000 -LEADER
campo de control de longitud fija 00773nam a22002055i 4500
001 - NÚMERO DE CONTROL
campo de control 162536
003 - IDENTIFICADOR DE NÚMERO DE CONTROL
campo de control ES-MaACL
005 - FECHA Y HORA DE LA ÚLTIMA TRANSACCIÓN
campo de control 20230906212540.0
008 - DATOS DE LONGITUD FIJA--INFORMACIÓN GENERAL
campo de control de longitud fija 991105s1866 fr |||| | fre d
040 ## - FUENTE DE CATALOGACIÓN
Centro catalogador/agencia de origen CAM
Lengua de catalogación spa
Centro/agencia transcriptor CAM
100 1# - ENTRADA PRINCIPAL--NOMBRE DE PERSONA
Nombre de persona Preller, Louis.
9 (RLIN) 131349
245 14 - MENCIÓN DEL TÍTULO
Título Les dieux de l'ancienne Rome
Resto del título : mythologie romaine /
Mención de responsabilidad, etc. de L. Preller ; traduction de M.L. Dietz ; avec une préface par L.F. Alfred Maury.
250 ## - MENCION DE EDICION
Mención de edición 2\pème\s éd.
260 ## - PUBLICACIÓN, DISTRIBUCIÓN, ETC.
Lugar de publicación, distribución, etc. Paris :
Nombre del editor, distribuidor, etc. Librairie Académique Didier et C., libraires-éditeurs,
Fecha de publicación, distribución, etc. 1866 (
Fabricante Imprimerie de p.-A. Bourdier et C.)
300 ## - DESCRIPCIÓN FÍSICA
Extensión 519 p. ;
Dimensiones 18 cm.
650 04 - PUNTO DE ACCESO ADICIONAL DE MATERIA--TÉRMINO DE MATERIA
Término de materia o nombre geográfico como elemento de entrada Mitología romana.
9 (RLIN) 15109
700 1# - ENTRADA AGREGADA--NOMBRE PERSONAL
Nombre de persona Dietz, L.,
Término indicativo de función/relación
9 (RLIN) 126801
700 1# - ENTRADA AGREGADA--NOMBRE PERSONAL
Nombre de persona Maury, Alfred.
9 (RLIN) 129748
852 ## - LOCALIZACIÓN
Ubicación ES-MaACL
Número de control de estantería G-10322
Nota libre -- Enc. hol.
Holdings
Estatus retirado Estado de pérdida Estado de daño No para préstamo Colección Biblioteca de origen Biblioteca actual Ubicación en estantería Fecha de adquisición Fuente de adquisición Total de préstamos Signatura topográfica completa Código de barras Visto por última vez Precio de reemplazo Tipo de ítem Koha
        Libros del s. XIX Biblioteca del Ateneo de Madrid Biblioteca del Ateneo de Madrid Sala Pecera Planta 3 17/01/2008     G-10322 1170277 23/02/2023 23/02/2023 Libro impreso antiguo